[Event "Medellin Sub zt 2.3.2"]
[Site "Medellin"]
[Date "2025.04.16"]
[Round "5"]
[White "Lemos Holguin, Jeronimo"]
[Black "Alpala Mejia, David Mauricio"]
[Result "1/2-1/2"]
[WhiteElo "1654"]
[BlackElo "1838"]
[PlyCount "59"]
[EventDate "2025.04.14"]
[EventType "swiss"]
[EventRounds "9"]
[EventCountry "COL"]
[SourceTitle "CB18_2025"]
[SourceDate "2025.04.30"]
[SourceVersion "1"]
[SourceVersionDate "2025.04.30"]
[SourceQuality "1"]

1. e4 c5 2. c3 Nf6 3. e5 Nd5 4. d4 cxd4 5. cxd4 d6 6. f4 Nc6 7. Nf3 e6 8. Nc3 dxe5 9. fxe5 Be7 10. Bd3 Bb4 11. Bd2 Nxd4 12. Nxd5 Bxd2+ 13. Qxd2 Nxf3+ 14. gxf3 Qxd5 15. 0-0-0 Bd7 16. Kb1 0-0-0 17. Qc3+ Qc6 18. Qb4 Kb8 19. Be4 Qb6 20. Qe7 Bc6 21. Bxc6 Rxd1+ 22. Rxd1 Qxc6 23. Rc1 Qe8 24. Qc7+ Ka8 25. Rd1 Qb8 26. Qxb8+ Kxb8 27. Rd7 Rf8 28. Kc2 a6 29. Kb3 f6 30. f4 1/2-1/2

[Event "Medellin Sub zt 2.3.2"]
[Site "Medellin"]
[Date "2025.04.15"]
[Round "3"]
[White "Lemos Holguin, Jeronimo"]
[Black "Villarraga Quiroga, Yedixon Omar"]
[Result "1-0"]
[WhiteElo "1654"]
[BlackElo "1842"]
[PlyCount "41"]
[EventDate "2025.04.14"]
[EventType "swiss"]
[EventRounds "9"]
[EventCountry "COL"]
[SourceTitle "CB18_2025"]
[SourceDate "2025.04.30"]
[SourceVersion "1"]
[SourceVersionDate "2025.04.30"]
[SourceQuality "1"]

1. e4 d6 2. d4 Nf6 3. Bd3 Nc6 4. c3 e5 5. d5 Ne7 6. f4 c6 7. c4 cxd5 8. cxd5 g6 9. Nf3 Nd7 10. 0-0 Bg7 11. Nc3 a6 12. Be3 exf4 13. Bxf4 Qb6+ 14. Rf2 Ne5 15. Bxe5 dxe5 16. d6 Nc6 17. Nd5 Qa7 18. Nc7+ Kd7 19. Nxa8 Qxa8 20. Ng5 f6 21. Qb3 1-0

[Event "Medellin Sub zt 2.3.2"]
[Site "Medellin"]
[Date "2025.04.14"]
[Round "2"]
[White "Garcia Matos, Leonardo Enrique"]
[Black "Lemos Holguin, Jeronimo"]
[Result "1-0"]
[WhiteElo "2006"]
[BlackElo "1654"]
[PlyCount "65"]
[EventDate "2025.04.14"]
[EventType "swiss"]
[EventRounds "9"]
[EventCountry "COL"]
[SourceTitle "CB18_2025"]
[SourceDate "2025.04.30"]
[SourceVersion "1"]
[SourceVersionDate "2025.04.30"]
[SourceQuality "1"]

1. d4 e6 2. Nf3 d5 3. e3 c5 4. c3 Nc6 5. Bd3 f5 6. Nbd2 Bd6 7. dxc5 Bxc5 8. Nb3 Bd6 9. c4 Nf6 10. cxd5 Nxd5 11. 0-0 0-0 12. e4 Ndb4 13. Bb1 e5 14. a3 Na6 15. Qd5+ Kh8 16. Ng5 Qf6 17. exf5 Ne7 18. Qd1 Nxf5 19. Ne4 Qg6 20. Nbd2 Nd4 21. Ng3 Qf7 22. Nde4 Be7 23. f4 Qc4 24. Qh5 g6 25. Qxe5+ Bf6 26. Nxf6 Nc6 27. Qd5 Qc5+ 28. Qxc5 Nxc5 29. b4 Nb3 30. Bb2 Nxa1 31. Bxa1 Rd8 32. Nd7+ Kg8 33. Ba2# 1-0

[Event "Medellin Sub zt 2.3.2"]
[Site "Medellin"]
[Date "2025.04.14"]
[Round "1"]
[White "Lemos Holguin, Jeronimo"]
[Black "Pineda Arevalo, Jose Ariel"]
[Result "1/2-1/2"]
[WhiteElo "1654"]
[BlackElo "1983"]
[PlyCount "110"]
[EventDate "2025.04.14"]
[EventType "swiss"]
[EventRounds "9"]
[EventCountry "COL"]
[SourceTitle "CB18_2025"]
[SourceDate "2025.04.30"]
[SourceVersion "1"]
[SourceVersionDate "2025.04.30"]
[SourceQuality "1"]

1. e4 c5 2. c3 d5 3. exd5 Qxd5 4. d4 cxd4 5. cxd4 Nc6 6. Nf3 Bg4 7. Be2 e6 8. Nc3 Bb4 9. 0-0 Bxc3 10. bxc3 Nge7 11. Qb3 0-0 12. Ba3 Rfd8 13. Bc4 Qh5 14. Nd2 Na5 15. Qb5 Nxc4 16. Qxh5 Bxh5 17. Nxc4 Nd5 18. Rfc1 Rdc8 19. Nd6 Rxc3 20. Rxc3 Nxc3 21. Nxb7 Ne2+ 22. Kf1 Nxd4 23. Bc5 Be2+ 24. Kg1 Nb5 25. a4 Nc3 26. Rc1 Nd5 27. Bxa7 h6 28. Bc5 Rxa4 29. h3 Ba6 30. Nd6 Nf4 31. Kh2 Ra2 32. Rb1 f6 33. Rb8+ Kh7 34. Be3 Nd5 35. Bc5 Rc2 36. Ba7 Rc7 37. Bd4 e5 38. Bb2 Nf4 39. g4 Nd3 40. Kg3 Rc2 41. Rb6 Rxb2 42. Rxa6 Nxf2 43. Ra7 Kg8 44. Ra8+ Kh7 45. Ra7 h5 46. Nf5 Ne4+ 47. Kh4 hxg4 48. Rxg7+ Kh8 49. Rxg4 Ng5 50. Kh5 Kh7 51. h4 Ne6 52. Ra4 Rg2 53. Ra7+ Ng7+ 54. Nxg7 Rxg7 55. Ra6 Rf7 1/2-1/2